| 000 | 00477nam a22001937a 4500 | ||
|---|---|---|---|
| 005 | 20240718093404.0 | ||
| 008 | 240718b |||||||| |||| 00| 0 eng d | ||
| 082 |
_a330 _bBEG-E |
||
| 100 | _aBegg, David | ||
| 245 |
_aEconomics/ _cDavid Begg |
||
| 250 | _a5th ed. | ||
| 260 |
_aUSA; _bMcGraw-Hill _c1997 |
||
| 300 |
_a634 p.: _bill; _c24 cm. |
||
| 500 | _aInclude index | ||
| 650 | _aEconomics | ||
| 700 | _aStanley Fischer | ||
| 700 | _aRudiger Dornbusch | ||
| 999 |
_c36121 _d36121 |
||